000 00465nam a2200181Ia 4500
001 19728
005 20260306172714.0
008 260306t2010||||xx |||||||||||||| ||spa||
041 _aESP
082 _a341
_bM27A T. 3
100 _aMassini Correas, Carlos I.
_eAUT
245 0 _aFilosofía del derecho:
_bel conocimiento y la interpretación jurídica
260 _c2010
300 _a
_c23 cm.
650 _aGEN
654 _aCDE
942 _cLIB
_dJUS
_fJUS
_2ddc
_n
999 _c19728
_d19728